| 000 | 00776nam a2200217 i 4500 | ||
|---|---|---|---|
| 001 | 179048 | ||
| 003 | ES-MaACL | ||
| 005 | 20251118145153.0 | ||
| 008 | 110824s1913 ag |||| | spa d | ||
| 080 | _a929 San Martín, José de | ||
| 100 | 1 |
_aMantilla, Manuel Florencio. _9147732 |
|
| 245 | 1 | 0 |
_aSan Martín / _cpor Manuel F. Mantilla ; prólogo y adaptación de Enrique Richard Lavalle. |
| 260 |
_aBuenos Aires : _bCabaut, _c1913. |
||
| 300 |
_aVI, 170 p. ; _c18 cm. |
||
| 490 | 1 |
_aBiblioteca de mayo. Nuestros hombres ; _v6 |
|
| 600 | 1 | 4 |
_aSan Martín, José de, _d1778-1850 _9102261 |
| 700 | 1 |
_aLavalle, Enrique Richard. _9147729 |
|
| 830 | 0 | 0 |
_aBiblioteca de mayo. _pNuestros hombres _v6 _9191054 |
| 852 |
_aES-MaACL _jD-1897 |
||
| 999 |
_c179048 _d179048 |
||